[Event "Morbihan-ch 1112"]
[Site "Morbihan"]
[Date "2012.02.11"]
[Round "5.20"]
[White "Noel, Yannick"]
[Black "Ollivier, Lydie"]
[Result "1-0"]
[WhiteElo "1199"]
[BlackElo "1499"]
[PlyCount "87"]
[EventDate "2011.10.08"]
[EventType "swiss"]
[EventRounds "7"]
[EventCountry "FRA"]
[SourceTitle "EXT 2014"]
[Source "ChessBase"]
[SourceDate "2013.11.20"]
[SourceVersion "1"]
[SourceVersionDate "2013.11.20"]
[SourceQuality "1"]

1. e4 c5 2. Nf3 d6 3. d3 Nc6 4. Be3 Nf6 5. Nc3 e6 6. Be2 Be7 7. 0-0 0-0 8. Qd2 d5 9. exd5 exd5 10. d4 cxd4 11. Bxd4 Ne4 12. Qe3 Bf5 13. Bd3 Nb4 14. Rfe1 Nxd3 15. Qxd3 a6 16. Rad1 Bg6 17. Qe2 Bf6 18. Nxe4 dxe4 19. Bc5 Qc7 20. Bxf8 exf3 21. Qe8 Qc8 22. Qxc8 Rxc8 23. Ba3 fxg2 24. Rd7 h6 25. Be7 Bxb2 26. Rd8+ Rxd8 27. Bxd8 f5 28. Rb1 Bd4 29. Rxb7 f4 30. Rb4 Be5 31. Kxg2 Bxc2 32. Bc7 Bxc7 33. Rc4 Bb6 34. Rxc2 g5 35. Rc6 Bd8 36. Rc8 Kg7 37. Rxd8 Kg6 38. Rd6+ Kh5 39. Rxa6 g4 40. f3 g3 41. hxg3 Kg5 42. gxf4+ Kf5 43. Rxh6 Kxf4 44. a4 1-0

[Event "Morbihan-ch 1112"]
[Site "Morbihan"]
[Date "2011.10.08"]
[Round "1.19"]
[White "Potier, Pierre"]
[Black "Noel, Yannick"]
[Result "1-0"]
[WhiteElo "1630"]
[BlackElo "1199"]
[PlyCount "137"]
[EventDate "2011.10.08"]
[EventType "swiss"]
[EventRounds "7"]
[EventCountry "FRA"]
[SourceTitle "EXT 2014"]
[Source "ChessBase"]
[SourceDate "2013.11.20"]
[SourceVersion "1"]
[SourceVersionDate "2013.11.20"]
[SourceQuality "1"]

1. e4 e5 2. Nf3 Nc6 3. Nc3 Nf6 4. d4 exd4 5. Nxd4 Nxd4 6. Qxd4 d6 7. e5 dxe5 8. Qxd8+ Kxd8 9. Bg5 Be7 10. 0-0-0+ Ke8 11. f3 c6 12. a3 a6 13. g4 h5 14. h3 hxg4 15. Bxf6 Bxf6 16. fxg4 Bxg4 17. Re1 Kf8 18. Bg2 Bf5 19. Kb1 Re8 20. Na4 b5 21. Nc5 Be7 22. Nxa6 Bh4 23. Re2 e4 24. Nb4 Re6 25. Ka1 Rhh6 26. c3 Re5 27. Nc2 c5 28. Ne3 g6 29. Ng4 Bxg4 30. hxg4 e3 31. Bc6 c4 32. Rh3 g5 33. Bd7 Rd6 34. Bf5 Rd2 35. Rexe3 Rxe3 36. Rxe3 Rd5 37. Rf3 Ke7 38. Re3+ Kf6 39. Rf3 Rc5 40. Ka2 Ke5 41. Re3+ Kf4 42. Re7 f6 43. Rf7 Rxf5 44. gxf5 Kxf5 45. Rb7 g4 46. Rxb5+ Ke4 47. Rh5 Bg5 48. a4 g3 49. Rh1 g2 50. Rg1 Kf3 51. b4 Kf2 52. Rxg2+ Kxg2 53. b5 f5 54. b6 Bd8 55. a5 f4 56. b7 Bc7 57. a6 f3 58. a7 Kg1 59. a8Q f2 60. Qg8+ Kf1 61. Qxc4+ Kg2 62. Qxc7 f1Q 63. b8Q Qa6+ 64. Kb3 Qe6+ 65. Qc4 Qh3 66. Qe2+ Kh1 67. Qb7+ Kg1 68. Qbf3 Qh4 69. Qeg2# 1-0